| 000 | 00418nam a2200157Ia 4500 | ||
|---|---|---|---|
| 008 | 221030s9999 xx 000 0 und d | ||
| 041 | _aEnglish | ||
| 082 |
_a105.23 _bGod |
||
| 100 | _aJ. S. Chitode | ||
| 245 | 0 |
_aMicroprocessor.& Microcontrollers Techniques _cby J. S. Chitode, D. A. Godse |
|
| 260 |
_bTechnical Pub. _aPune _c2001 |
||
| 300 | _a650 | ||
| 650 | _aBE Computer | ||
| 700 | _aD. A. Godse | ||
| 942 | _cBK | ||
| 999 |
_c8140 _d8140 |
||